Arsenal Players - Sudden Death - Statistics

General Stats
  • This quiz has been taken 149 times
  • The average score is 9 of 13
Answers on the Grid
Answers color-coded by a green-red scale on the quiz's grid according to % correct below.
Gabriel
Gyokeres
Eze
Timber
Nelson
Beckham
Morris
Bently
Toure
Zlatan
Ronaldo
Mbappe
Messi
Messi
Vlahovic
Hazard
Wright
Raya
Henry
Rice
Saliba
Odegaard
Saka
 
Answer Stats
Answer % Correct
Saka
84%
Rice
82%
Timber
79%
Odegaard
78%
Saliba
78%
Eze
74%
Gabriel
74%
Henry
73%
Gyokeres
72%
Raya
70%
Wright
66%
Nelson
59%
Bently
26%
No matching quizzes found
Score Distribution
Percent of People with Each Score
Percentile by Number Answered
Your Score History
You have not taken this quiz